Fundamentals of Temperature, Pressure and Flow Measurements. (Record no. 4281)

MARC details
005 - DATE AND TIME OF LATEST TRANSACTION
control field 20250618103051.0
020 ## - INTERNATIONAL STANDARD BOOK NUMBER
International Standard Book Number 0-417-89383-8
082 ## - DEWEY DECIMAL CLASSIFICATION NUMBER
Classification number LM 536.5 BEN
100 ## - MAIN ENTRY--PERSONAL NAME
Author name BENEDICT, R. P.
245 ## - TITLE STATEMENT
Title Fundamentals of Temperature, Pressure and Flow Measurements.
250 ## - EDITION STATEMENT
Edition statement 3rd Ed
260 ## - PUBLICATION, DISTRIBUTION, ETC.
Place of publication, distribution, etc. New York,
Name of publisher, distributor, etc. John Wiley & Sons,
Date of publication, distribution, etc. 1984.
300 ## - PHYSICAL DESCRIPTION
Extent xx, 532p.: ill.; figure, table
Other physical details Index
Dimensions 23cm
942 ## - ADDED ENTRY ELEMENTS (KOHA)
Source of classification or shelving scheme Dewey Decimal Classification
Koha item type Books
Holdings
Date last seen Total checkouts Full call number Barcode Cost, replacement price Price effective from Koha item type Lost status Source of classification or shelving scheme Damaged status Not for loan Withdrawn status Home library Current library Shelving location Date acquired Cost, normal purchase price
06/18/2025   LM 536.5 BEN 00000013161 30000.00 06/18/2025 Books   Dewey Decimal Classification       College of Business Education Main Library College of Business Education Main Library General Collection 01/15/1985 10000.00